Zemědělský podnik v tržních podmínkách hospodaření.

Dopad liberalizácie cien a následného poklesu dopytu po živočíšnych produktoch na poľnohospodárske podniky. Nutnosť spojiť nápravu starých krívd s ďalším riešením výživového programu. Pôsobenie trhu na organizáciu a ekonomiku poľnohospodárskych podnikov.

Gespeichert in:
Bibliographische Detailangaben
1. Verfasser: Trávníček, Z.
Weitere Verfasser: Lipták, M.
Format: Buchkapitel
Sprache:Tschechisch
Schlagworte:
Tags: Tag hinzufügen
Keine Tags, Fügen Sie das erste Tag hinzu!

MARC

LEADER 00000naa a2200000 4500
001 r004251
005 20221125075931.7
041 0 |a cze 
044 |a [CS] 
245 1 0 |a Zemědělský podnik v tržních podmínkách hospodaření.  |c Z. Trávníček, M. Lipták 
520 |a Dopad liberalizácie cien a následného poklesu dopytu po živočíšnych produktoch na poľnohospodárske podniky. Nutnosť spojiť nápravu starých krívd s ďalším riešením výživového programu. Pôsobenie trhu na organizáciu a ekonomiku poľnohospodárskych podnikov. 
610 2 0 |a podnik poľnohospodársky 
610 2 0 |a liberalizácia 
610 2 0 |a ceny 
610 2 0 |a výživa 
610 2 0 |a výrobky živočíšne 
610 2 0 |a hospodárstvo trhové 
100 1 |a Trávníček, Z. 
700 1 |a Lipták, M.